Loading...
| Science - Physics | 1 | 3 | 2 | 0 | 35 | 65 | 100.75 | 1 | 3 |
| Science - Biology | 0 | 3 | 0 | 0 | 30 | 94 | 104.00 | 0 | 2 |
| Science - Chemistry | 0 | 3 | 0 | 1 | 30 | 100 | 113.00 | 0 | 2 |
| Social Science | 1 | 1 | 2 | 1 | 15 | 84 | 103.00 | 1 | 2 |
| History - Ancient History | 0 | 1 | 0 | 0 | 10 | 107 | 107.00 | 1 | 1 |
| History - World History | 0 | 1 | 0 | 0 | 10 | 113 | 113.00 | 0 | 0 |
| Literature - American Literature | 0 | 1 | 0 | 1 | 10 | 126 | 126.00 | 0 | 1 |
| Philosophy | 0 | 1 | 0 | 0 | 10 | 80 | 80.00 | 0 | 1 |
| History - American History | 0 | 1 | 0 | 0 | 10 | 83 | 83.00 | 0 | 1 |
| Literature - European Literature | 0 | 0 | 0 | 0 | 0 | 0.00 | 0 | 0 | |
| Science - Other Science | 0 | 2 | 4 | 0 | 0 | 99 | 107.50 | 0 | 1 |
| Geography | 0 | 0 | 1 | 0 | -5 | 0.00 | 0 | 0 | |
| Other Academic | 0 | 0 | 1 | 0 | -5 | 0.00 | 0 | 0 | |
| Current Events | 0 | 0 | 2 | 0 | -10 | 0.00 | 0 | 0 | |
| History - European History | 0 | 0 | 2 | 0 | -10 | 0.00 | 0 | 0 |